000 00530 a2200169 4500
020 _a0007121016
_c575.60
035 _aB-211591
037 _bRP-ZLS-2783 / UBH-07-08:6 / RP-07-08:ENG
082 1 4 _aN
090 _c5069
_d5069
100 1 _aChristies, Agatha
245 1 _aTaken at the flood
_cby Agatha Christies
260 _aLondon
_bHarper Collins Publishers
_c2002
300 _a352 p
_c18 cm (pbk)
942 _adpl
_cEN
_kN / CHI
999 _c4972
_d4972